000 01057cab a2200301 4500
001 ABS55734
008 090401t1996 xxu||||| |||| 00| 0 eng d
035 _a(Sirsi) u18424
041 _aeng
100 _aChallis, M.
245 _aWhen planners meet pollution inspectors
260 _c1996
350 _a0
490 _aThe Waste Manager
_vJuly/August 1996, 32-33(2)
520 _aFrequently local considerations take precedent over environmental benefits when planning applications for renewable energy schemes such as wind farms and combined heat and power stations are submitted. Discusses "Gateshead MBC v SoS Environment" 1994 and considers PPG23 guidance.
650 _aCOMBINED HEAT AND POWER
650 _aENVIRONMENTAL ISSUES
650 _aGATESHEAD MBC V SOS ENVIRONMENT
650 _aPLANNING CONTROL
650 _aPOLLUTION CONTROL
650 _aPPG23
650 _aRENEWABLE ENERGY
650 _aWIND FARMS
690 _aEnvironment
_96238
690 _aPLANNING LAW AND PRACTICE
942 _n0
948 _c04/03/1997
999 _c12245
_d12245